000 00223nam a22000857a 4500
008 160915b xxu||||| |||| 00| 0 eng d
100 _9506
_aKumar.H.etal
245 _aMega Computer V
260 _aNew Delhi
_bP.P. Publications
_c2007
999 _c3163
_d3163